| 000 | 00618nam a2200241Ia 4500 | ||
|---|---|---|---|
| 005 | 20250425161824.0 | ||
| 008 | 250425s9999 xx 000 0 und d | ||
| 020 | _a096104323X | ||
| 041 | _aeng | ||
| 082 | _a338.542 | ||
| 100 | _aCOOLEY, THOMAS F. | ||
| 245 | 0 | _aFRONTIERS OF BUSINESS CYCLE RESEARCH | |
| 250 | _aS.E. | ||
| 260 |
_aEstados Unidos _bPRINCENTON UNIVERSITY PRESS _c1995 |
||
| 260 | _aS.L. | ||
| 300 | _a419 | ||
| 650 | _aCICLO COMERCIAL-INVESTIGACION-HISTORIA | ||
| 650 | _aDESARROLLO ECONOMICO | ||
| 650 | _aFLUCTUACIONES | ||
| 650 | _aMACROECONOMIA | ||
| 942 | _c01 | ||
| 010 | _a31128 | ||
| 999 |
_c216820 _d216820 |
||